| 000 | 00617nam a22001457a 4500 | ||
|---|---|---|---|
| 008 | 110816t1959 xxu||||g |||| 000 0 ara d | ||
| 082 |
_222 _a189 _bك ا ر |
||
| 245 |
_aالغزالى/ _cتأليف البارون كارادوفو؛نقلة إلى العربية عادل زعتر ؛راجعة محمد عبد الغنى حسن |
||
| 260 |
_a[القاهرة]: _bدار إحياء الكتب العربية،1959. _c1959. |
||
| 300 |
_a271ص، _c24سم. |
||
| 650 |
_916065 _aعلم الكلام |
||
| 653 |
_bGeneral _cAugust2011 |
||
| 700 |
_916844 _a،حسن, محمد عبد الغنى _cمراجع |
||
| 942 |
_2ddc _cBB |
||
| 999 |
_c15854 _d15854 |
||